Asian Economic Integration in an Era of Global Uncertainty (PAFTAD) (Record no. 60791)
[ view plain ]
| 000 -LEADER | |
|---|---|
| fixed length control field | 02084nam a2200241Ii 4500 |
| 008 - FIXED-LENGTH DATA ELEMENTS--GENERAL INFORMATION | |
| fixed length control field | 221202s xx 000 0 und d |
| 245 #0 - TITLE STATEMENT | |
| Title | Asian Economic Integration in an Era of Global Uncertainty (PAFTAD) |
| 264 ## - PRODUCTION, PUBLICATION, DISTRIBUTION, MANUFACTURE, AND COPYRIGHT NOTICE | |
| Name of producer, publisher, distributor, manufacturer | ANU Press |
| Date of production, publication, distribution, manufacture, or copyright notice | 2018 |
| 300 ## - PHYSICAL DESCRIPTION | |
| Extent | 1 online resource |
| 336 ## - CONTENT TYPE | |
| Content type term | text |
| Content type code | txt |
| Source | rdacontent |
| 337 ## - MEDIA TYPE | |
| Media type term | computer |
| Media type code | c |
| Source | rdamedia |
| 338 ## - CARRIER TYPE | |
| Carrier type term | online resource |
| Carrier type code | cr |
| Source | rdacarrier |
| 520 ## - SUMMARY, ETC. | |
| Summary, etc. | The Pacific Trade and Development (PAFTAD) conference series has been at the forefront of analysing challenges facing the economies of East Asia and the Pacific since its first meeting in Tokyo in January 1968. The 38th PAFTAD conference met at a key time to consider international economic integration. Earlier in the year, the people of the United Kingdom voted to leave the European Union and the United States elected Donald Trump as their next president on the back of an inward-looking ‘America First’ promise. Brexit and President Trump represent a growing, and worrying, trend towards protectionism in the North Atlantic countries that have led the process of globalisation since the end of the Second World War. The chapters in the volume describe the state of play in Asian economic integration but, more importantly, look forward to the region’s future, and the role it might play in defending the global system that has underwritten its historic rise. Asia has the potential to stand as a bulwark against the dual threats of North Atlantic protectionism and slowing trade growth, but collective leadership will be needed regionally and difficult domestic reforms will be required in each country. |
| 653 ## - INDEX TERM--UNCONTROLLED | |
| Uncontrolled term | Asia |
| 653 ## - INDEX TERM--UNCONTROLLED | |
| Uncontrolled term | Association Of Southeast Asian Nations |
| 653 ## - INDEX TERM--UNCONTROLLED | |
| Uncontrolled term | Economic Policy |
| 653 ## - INDEX TERM--UNCONTROLLED | |
| Uncontrolled term | Globalisation |
| 653 ## - INDEX TERM--UNCONTROLLED | |
| Uncontrolled term | Trade |
| 700 1# - ADDED ENTRY--PERSONAL NAME | |
| Personal name | Armstrong, Shiro |
| 700 1# - ADDED ENTRY--PERSONAL NAME | |
| Personal name | Westland, Tom |
| 856 ## - ELECTRONIC LOCATION AND ACCESS | |
| Uniform Resource Identifier | <a href="https://library.oapen.org/bitstream/20.500.12657/30703/1/643793.pdfhttps://press.anu.edu.au/publications/paftad/asian-economic-integration-era-global-uncertaintyhttp://library.oapen.org/handle/20.500.12657/30703">https://library.oapen.org/bitstream/20.500.12657/30703/1/643793.pdfhttps://press.anu.edu.au/publications/paftad/asian-economic-integration-era-global-uncertaintyhttp://library.oapen.org/handle/20.500.12657/30703</a> |
| 942 ## - ADDED ENTRY ELEMENTS (KOHA) | |
| Koha item type | E-Book |
| Withdrawn status | Damaged status | Not for loan | Home library | Current library | Date acquired | Total Checkouts | Date last seen | Price effective from | Koha item type |
|---|---|---|---|---|---|---|---|---|---|
| Directory of Open Access Books | Directory of Open Access Books | 11/28/2022 | 11/28/2022 | 11/28/2022 | E-Book |